Finland The First Total War (Record no. 551909)
[ view plain ]
| 000 -LEADER | |
|---|---|
| fixed length control field | 00350nam a22001217a 4500 |
| 082 ## - DEWEY DECIMAL CLASSIFICATION NUMBER | |
| Classification number | 948.97032 |
| Author Mark | LAN |
| -- | L-30-II, P-130 |
| 100 ## - MAIN ENTRY--PERSONAL NAME | |
| Personal name | Langdon-Davies, Jhon |
| 9 (RLIN) | 49072 |
| 245 ## - TITLE STATEMENT | |
| Title | Finland The First Total War |
| 260 ## - PUBLICATION, DISTRIBUTION, ETC. | |
| Place of publication, distribution, etc. | London |
| Name of publisher, distributor, etc. | George Routledge & Sons |
| 300 ## - PHYSICAL DESCRIPTION | |
| Extent | ix, p 202 |
| Other physical details | ill |
| Dimensions | 20cm |
| 526 ## - STUDY PROGRAM INFORMATION NOTE | |
| Program name | 0 |
| Interest level | 0 |
| Reading level | 0 |
| Title point value | 948_970320000000000_LAN |
| 942 ## - ADDED ENTRY ELEMENTS (KOHA) | |
| Source of classification or shelving scheme | |
| Koha item type | Book |
| Withdrawn status | Lost status | Source of classification or shelving scheme | Damaged status | Not for loan | Permanent Location | Current Location | Date acquired | Total Checkouts | Full call number | Barcode | Date last seen | Price effective from | Koha item type |
|---|---|---|---|---|---|---|---|---|---|---|---|---|---|
| Military College of Engineering (MCE) | Military College of Engineering (MCE) | 01/01/2015 | 948.97032 LAN | MCE-19294 | 01/01/2015 | 01/01/2015 | Book |
